| 000 | 00496nam a2200193Ia 4500 | ||
|---|---|---|---|
| 008 | 180207s9999 xx 000 0 und d | ||
| 020 | _a9780439655439 | ||
| 050 | _bP155 1999 | ||
| 100 | _aPalazzo-Craig, Janet | ||
| 245 | _aSharks! / | ||
| 245 | _cby Janet Palazzo-Craig ; illustrated by Monika Popowitz. | ||
| 260 | _aNew York : | ||
| 260 | _bScholastic, | ||
| 260 | _c1999 | ||
| 300 | _a31 pages : | ||
| 300 | _bcolor illustrations ; | ||
| 300 | _c22cm. | ||
| 440 | _aPlanet reader. | ||
| 999 |
_c355620 _d355620 |
||